=LDR 00000nam 2200000 4500 =001 001019 =005 20250712030335 =035 ##$$a 0010-0725000898 =007 ta =008 250712################a##########0#ind## =020 ##$$a 978-623-472-461 =082 ##$$a 398.209 598 =084 ##$$a 398.209 598 CLA d =100 #$$a Clare Verbeek, Thembani Dladla, Zanele Buthelezi =245 1#$$a Dia Bersaudara yang Kelaparan /$c Clare Verbeek, Thembani Dladla Zanele Buthelezi =250 ##$$a cetakan pertama =260 ##$$a jakarta :$b badan pengembangan dan pembinaan bahasa,$c 2022 =300 ##$$a 12 hlm. : $b ilus. ; $c 22,9 cm$e 398.209 598 =650 #4$$a cerita anak indonesia =856 ##$$a TBM AS SUHADA =990 ##$$a TBM202400760